[Event "CHI-ch"]
[Site "Santiago"]
[Date "2024.02.24"]
[Round "9"]
[White "Miranda Camus, Joaquin Ignacio"]
[Black "Salinas Herrera, Pablo Patricio"]
[Result "0-1"]
[WhiteElo "2050"]
[BlackElo "2483"]
[PlyCount "127"]
[EventDate "2024.02.19"]
[EventType "swiss"]
[EventRounds "11"]
[EventCountry "CHI"]
[SourceTitle "CB09_2024"]
[SourceDate "2024.02.28"]
[SourceVersion "1"]
[SourceVersionDate "2024.02.28"]
[SourceQuality "1"]

1. d4 d6 2. Nf3 g6 3. e4 Bg7 4. Bc4 e6 5. Nc3 a6 6. a4 b6 7. 0-0 Ne7 8. Bf4 h6 9. Qd2 Bb7 10. Rad1 Nd7 11. Rfe1 g5 12. Bg3 Ng6 13. h3 Nf6 14. e5 Nh5 15. d5 Nxg3 16. dxe6 Bxf3 17. exd6 Ne5 18. d7+ Kf8 19. Rxe5 Bxe5 20. gxf3 fxe6 21. fxg3 Kg7 22. Bxe6 Qf6 23. Qd5 Bxc3 24. bxc3 Qxc3 25. Qd4+ Qxd4+ 26. Rxd4 Rhd8 27. f4 Kf6 28. f5 b5 29. a5 Rab8 30. Kf2 Ke7 31. Ke3 b4 32. Ke4 c6 33. Kf3 Rb5 34. Kg4 c5 35. Rd1 c4 36. Bxc4 Rxa5 37. Be6 Rc5 38. Rd2 Rc3 39. h4 gxh4 40. Kxh4 a5 41. Kg4 Rb8 42. Kf4 a4 43. Ke5 Rc5+ 44. Ke4 Ra5 45. g4 a3 46. Rd1 Rc5 47. Rd2 Ra8 48. Kd4 Rc7 49. Ke5 Rc5+ 50. Kd4 Rc3 51. Ke4 Rg3 52. Ke5 Re3+ 53. Kf4 Re1 54. g5 hxg5+ 55. Kxg5 Ra1 56. Re2 Rg1+ 57. Kf4 Kd8 58. Rh2 Kc7 59. Rd2 Ra1 60. Ke5 Rf8 61. Kd5 b3 62. cxb3 a2 63. Kd4 Rh8 64. Rc2+ 0-1

[Event "CHI-ch"]
[Site "Santiago"]
[Date "2024.02.22"]
[Round "6"]
[White "Miranda Camus, Joaquin Ignacio"]
[Black "Chavez Dinamarca, Bastian"]
[Result "1-0"]
[WhiteElo "2050"]
[BlackElo "1981"]
[PlyCount "117"]
[EventDate "2024.02.19"]
[EventType "swiss"]
[EventRounds "11"]
[EventCountry "CHI"]
[SourceTitle "CB09_2024"]
[SourceDate "2024.02.28"]
[SourceVersion "1"]
[SourceVersionDate "2024.02.28"]
[SourceQuality "1"]

1. d4 Nf6 2. Bf4 b6 3. e3 Bb7 4. Nf3 e6 5. Bd3 Bd6 6. Bxd6 cxd6 7. c4 d5 8. Nc3 dxc4 9. Bxc4 0-0 10. 0-0 Nc6 11. a3 Rc8 12. Ba2 d5 13. Qe2 Qe7 14. Rfd1 Rfd8 15. Rac1 e5 16. dxe5 Nxe5 17. Nd4 a6 18. a4 g6 19. Rc2 Rc7 20. Rdc1 Rcd7 21. Nd1 Ne4 22. Nc3 Nc5 23. Rd2 Ne4 24. Rdc2 Nc5 25. Rd1 Ne4 26. f3 Nf6 27. Rdc1 h5 28. Nd1 Kg7 29. Nf2 Re8 30. Rc3 Qd6 31. b3 Rde7 32. Bb1 Ned7 33. Nh3 Nc5 34. Qd2 Re5 35. Nf4 Kg8 36. a5 Ncd7 37. Nfe2 Qb4 38. Nc2 Qxa5 39. b4 Qa4 40. Ned4 Nf8 41. b5 Qa5 42. Qd3 Qa4 43. Ra3 Qc4 44. Qxc4 dxc4 45. bxa6 Ba8 46. e4 Rd8 47. Ba2 b5 48. Ra5 Ne6 49. Rxb5 Rxb5 50. Nxb5 Nc5 51. Nb4 Nd3 52. Rd1 Rd7 53. Nxd3 cxd3 54. Rd2 Bc6 55. Bc4 Ne8 56. Rxd3 Rxd3 57. Bxd3 Kf8 58. a7 Ke7 59. Bc4 1-0

[Event "CHI-ch sf"]
[Site "Villa Alemana"]
[Date "2023.01.21"]
[Round "7"]
[White "Rosales Schulz, Robin"]
[Black "Miranda Camus, Joaquin Ignacio"]
[Result "1-0"]
[WhiteElo "2102"]
[BlackElo "1982"]
[PlyCount "74"]
[EventDate "2023.01.18"]
[EventType "swiss"]
[EventRounds "8"]
[EventCountry "CHI"]
[SourceTitle "CBM 212 Extra"]
[Source "ChessBase"]
[SourceDate "2023.03.31"]
[SourceVersion "1"]
[SourceVersionDate "2023.03.31"]
[SourceQuality "1"]

1. c4 Nf6 2. Nc3 b6 3. e4 e5 4. d3 Bc5 5. Be2 c6 6. Nf3 Qe7 7. a3 Bb7 8. 0-0 0-0 9. d4 exd4 10. Nxd4 Nxe4 11. Nf5 Qe5 12. Nxe4 Qxf5 13. Bd3 Qe5 14. Re1 f5 15. Nxc5 Qxc5 16. b4 Qd4 17. Ra2 c5 18. Bb2 Qh4 19. Bf1 Qd8 20. b5 d5 21. cxd5 Bxd5 22. Re7 Bf7 23. Rxf7 Kxf7 24. Qb3+ Kg6 25. Qg3+ Kf7 26. Bxg7 Qd5 27. Rc2 f4 28. Qc3 Re8 29. Bc4 Qxc4 30. Qxc4+ Kxg7 31. Re2 Na6 32. bxa6 Rad8 33. Qc3+ Kf7 34. Rxe8 Kxe8 35. Qh8+ Kd7 36. Qxh7+ Kc6 37. h4 Rd7 1-0

[Event "CHI-ch sf"]
[Site "Vina del Mar"]
[Date "2022.02.09"]
[Round "2"]
[White "Miranda Camus, Joaquin Ignacio"]
[Black "Larrain Cortes, Eugenio Esteban"]
[Result "1-0"]
[WhiteElo "1726"]
[BlackElo "1941"]
[PlyCount "83"]
[EventDate "2022.02.08"]
[EventType "swiss"]
[EventRounds "8"]
[EventCountry "CHI"]
[SourceTitle "CBM 207 Extra"]
[Source "ChessBase"]
[SourceDate "2022.05.31"]
[SourceVersion "1"]
[SourceVersionDate "2022.05.31"]
[SourceQuality "1"]

1. d4 c5 2. d5 b5 3. c4 b4 4. a3 g6 5. Be3 Na6 6. axb4 cxb4 7. Bd4 Nf6 8. e4 d6 9. Rxa6 Bxa6 10. Qa4+ Qd7 11. Qxa6 Bg7 12. c5 0-0 13. c6 Qc7 14. Bxf6 Bxf6 15. b3 e6 16. Bc4 exd5 17. Bxd5 Rab8 18. Ne2 Rb6 19. Qd3 a5 20. 0-0 Ra8 21. Nd2 a4 22. bxa4 Rxa4 23. Nb3 Rb8 24. Qc4 Kg7 25. Ned4 Bxd4 26. Qxd4+ f6 27. g3 Ra2 28. Ra1 Rxa1+ 29. Qxa1 Qc8 30. Qa7+ Kh6 31. c7 Rb5 32. Bc6 Rh5 33. Qb8 Qh3 34. c8Q Qxh2+ 35. Kf1 Qh1+ 36. Ke2 Qb1 37. Qf8+ Kg5 38. Qxb4 Rh1 39. Qd2+ Kg4 40. Qf4+ Kh3 41. Q8h6+ Kg2 42. e5+ 1-0